000 00590nam a2200229Ia 4500
001 12668
003 GE_BSU
008 181216s||||||||xx |||||||||||||| ||und||
040 _cGE_BSU
080 _a631.4
100 _aВолобуев,В.Р.
245 _aСистема почв мира
245 _bАк.Наук Азебайдж.ССР
245 _cРед.М.Э.Салаев
260 _aБаку
260 _bИзд-во "ЭЛМ
260 _c1973
300 _a306стр.27см.
300 _eТаблицы
653 _aСистема почв мира
942 _cBK
999 _c45839
_d45839